Guess Which AP Classes Are Real- Sudden Death - Statistics

General Stats
  • This quiz has been taken 68 times
  • The average score is 13 of 20
Answers on the Grid
Answers color-coded by a green-red scale on the quiz's grid according to % correct below.
Art History
Calculus AB
Calculus BB
Chinese Language & Culture
Polish Language & Culture
Chemistry
Earth Science
Computer Science A
English Language and Composition
Southeast Asian History
French Language & Culture
Human Geography
Entomology Geography
Latin
Macroeconomics
Music Theory
Physics 1: Algebra-Based
Physics C: Electricity & Magnetism
Psychology
Anatomy
Seminar
Spanish Language & Culture
Statistics
Arithmetic
Algebra
Botany
Studio Art: 2-D Design
U.S. Government & Politics
World History
World Politics
Living Environment
Legal Studies
Antropology
Ancient World History
Organic Chemistry
Linear Algebra
Astrophysics
Marine Sciences
Architectural Design
Creative Writing
 
Answer Stats
Answer % Correct
Calculus AB
89%
Chemistry
87%
Art History
80%
Psychology
72%
Statistics
72%
Chinese Language & Culture
70%
Computer Science A
67%
Human Geography
67%
World History
67%
English Language and Composition
65%
Music Theory
65%
Macroeconomics
63%
Physics C: Electricity & Magnetism
63%
Seminar
63%
U.S. Government & Politics
63%
French Language & Culture
61%
Physics 1: Algebra-Based
61%
Spanish Language & Culture
61%
Latin
59%
Studio Art: 2-D Design
52%
No matching quizzes found
Score Distribution
Percent of People with Each Score
Percentile by Number Answered
Your Score History
You have not taken this quiz